01071nab a22002057a 4500999001500000003000400015005001700019008004100036040000700077100003200084245007800116260007200194300001300266505030000279505008900579650002300668650003100691773013000722942001300852 c6090d6090OSt20260121205517.0190502c xxu||||| |||| 00| 0 spa d cPJ 9657aAntonini, Mónica A. 13aLa prisión preventiva. Fundamentos y límites /cMónica A. Antonini. aCiudad Autónoma de Buenos Aires :bThomson Reuters La Ley,c2024. ap. 15-30 aSumario: I. Introducción.— II. El principio de inocencia.— III. El desarrollo que intentaré exponer.— IV. Naturaleza y fines del encarcelamiento preventivo.— V. El examen de los argumentos de estas tesis.— VI. Nuevos interrogantes.— VII. ¿Y la doctrina?— VIII. Conclusión.  t¿Te interesa el texto completo? Solicitalo al correo: koha@justierradelfuego.gov.ar 09343aDERECHO PENAL 092782aPRISIÓN PREVENTIVA0 0272993180dBuenos Aires : LexisNexis, 2006-tRevista de derecho penal y procesal penal. Nº 9 - Septiembre 2024z9875920622 2udccANA